[Event "17PCR_ZK10"]
[Site "?"]
[Date "2007.??.??"]
[Round "?"]
[White "Dojcinovic, Miroslav"]
[Black "Dirgas, Josef"]
[Result "0-1"]
[WhiteElo "1605"]
[BlackElo "2000"]
[PlyCount "80"]
[EventDate "2007.??.??"]
[EventType "corr"]
[SourceDate "2007.06.28"]

1. d4 d5 2. c4 e6 3. Nf3 dxc4 4. e3 Nf6 5. Bxc4 c5 6. O-O a6 7. Bb3 b5 8. Qe2
Bb7 9. Rd1 Nbd7 10. Nc3 Qb8 11. d5 c4 12. dxe6 fxe6 13. Bc2 Bd6 14. e4 O-O 15.
h3 Qc7 16. a3 Rae8 17. Bg5 Ne5 18. Nd4 Ng6 19. g3 Be5 20. Kh2 Nh5 21. Kh1 Bxd4
22. Rxd4 Qe5 23. Qxh5 Rxf2 24. Ne2 Ref8 25. Re1 Bc6 26. Qg4 h5 27. Qxh5 Qf5 28.
Rg1 Nh4 29. Nf4 Rxf4 30. g4 Qe5 31. Bxf4 Qxd4 32. Qxh4 Rxf4 33. Rg2 Rxe4 34.
Kh2 Rf4 35. Qe1 Qd6 36. Kg1 Bxg2 37. Kxg2 Rd4 38. Be4 Qf4 39. Bf3 Rd2+ 40. Kf1
Qxf3+ 0-1

[Event "17PCR_ZK10"]
[Site "?"]
[Date "2007.??.??"]
[Round "?"]
[White "Dirgas, Josef"]
[Black "Dojcinovic, Miroslav"]
[Result "1-0"]
[WhiteElo "2000"]
[BlackElo "1605"]
[PlyCount "79"]
[EventDate "2007.??.??"]
[EventType "corr"]
[SourceDate "2007.06.28"]

1. e4 e5 2. Nf3 Nc6 3. Bb5 a6 4. Ba4 Nf6 5. O-O Be7 6. Re1 b5 7. Bb3 d6 8. c3
O-O 9. h3 Na5 10. Bc2 c5 11. d4 Nd7 12. Nbd2 cxd4 13. cxd4 Nc6 14. d5 Nb6 15.
dxc6 Qe8 16. a4 Qxc6 17. a5 Nc4 18. Nxc4 bxc4 19. b3 c3 20. Ba3 Be6 21. Nxe5
dxe5 22. Bxe7 Rfe8 23. Bb4 Rad8 24. Qf3 Rb8 25. Bxc3 Bxb3 26. Bxb3 Rxb3 27.
Rac1 Rc8 28. Bxe5 Rxf3 29. Rxc6 Rxc6 30. gxf3 Rc5 31. Rd1 f6 32. Rd8+ Kf7 33.
Bd4 Rxa5 34. Rd7+ Kg6 35. f4 h5 36. f5+ Kh6 37. e5 Rxe5 38. Bxe5 fxe5 39. h4 e4
40. Ra7 1-0

[Event "17PCR_ZK10"]
[Site "?"]
[Date "2007.??.??"]
[Round "?"]
[White "Mateka, Petr"]
[Black "Dojcinovic, Miroslav"]
[Result "1-0"]
[WhiteElo "2275"]
[BlackElo "1605"]
[PlyCount "93"]
[EventDate "2007.??.??"]
[EventType "corr"]
[SourceDate "2007.06.28"]

1. e4 e5 2. Nf3 Nc6 3. Bb5 a6 4. Ba4 Nf6 5. O-O Be7 6. Re1 b5 7. Bb3 O-O 8. c3
d6 9. h3 Na5 10. Bc2 c5 11. d4 Qc7 12. Nbd2 cxd4 13. cxd4 Bd7 14. Nf1 Rac8 15.
Ne3 Nc4 16. Nxc4 bxc4 17. Bd2 exd4 18. Nxd4 d5 19. e5 Ne4 20. Bxe4 dxe4 21.
Rxe4 Qb6 22. Bc3 Qg6 23. Re3 Rfd8 24. Qe2 Bg5 25. Rg3 Qh6 26. e6 Bxe6 27. Nxe6
fxe6 28. Rg4 Rd6 29. Rxc4 Rcd8 30. Bb4 Rd4 31. Rxd4 Rxd4 32. a3 Rd8 33. Qxa6
Bc1 34. Qe2 Bf4 35. a4 Bh2+ 36. Kxh2 Qf4+ 37. Kg1 Qxb4 38. a5 Qb3 39. a6 h6 40.
a7 Ra8 41. Qe4 Qd5 42. Qxd5 exd5 43. b4 Kf8 44. b5 Ke7 45. b6 Kd7 46. b7 Rxa7
47. Rxa7 1-0

[Event "17PCR_ZK10"]
[Site "?"]
[Date "2007.??.??"]
[Round "?"]
[White "Bednarik, Radovan"]
[Black "Tunega, Frantisek"]
[Result "1/2-1/2"]
[WhiteElo "2126"]
[BlackElo "1800"]
[PlyCount "44"]
[EventDate "2007.??.??"]
[EventType "corr"]
[SourceDate "2007.06.28"]

1. d4 Nf6 2. c4 d6 3. Nc3 g6 4. e4 Bg7 5. Be2 O-O 6. Nf3 e5 7. dxe5 dxe5 8.
Qxd8 Rxd8 9. Bg5 Re8 10. Nd5 Nxd5 11. cxd5 c6 12. Rd1 cxd5 13. exd5 e4 14. Nd2
Re5 15. Be3 Rxd5 16. Bc4 Rd7 17. Nxe4 Rxd1+ 18. Kxd1 Nc6 19. Kc1 Ne5 20. Bd5
Nd3+ 21. Kd2 Nb4 22. Bc4 Bf5 1/2-1/2

[Event "17PCR_ZK10"]
[Site "?"]
[Date "2007.??.??"]
[Round "?"]
[White "Dojcinovic, Miroslav"]
[Black "Mateka, Petr"]
[Result "0-1"]
[WhiteElo "1605"]
[BlackElo "2275"]
[PlyCount "94"]
[EventDate "2007.??.??"]
[EventType "corr"]
[SourceDate "2007.06.28"]

1. d4 d5 2. c4 dxc4 3. Nf3 Nf6 4. Nc3 Bf5 5. e3 e6 6. Bxc4 Nc6 7. Qa4 Bd6 8.
Nh4 Bg4 9. Ba6 bxa6 10. Qxc6+ Nd7 11. h3 Bh5 12. g4 Rb8 13. gxh5 Qxh4 14. Ne4
Ke7 15. Rg1 Qxh3 16. Qxa6 Qxh5 17. Qf1 Nf6 18. Nd2 c5 19. dxc5 Qxc5 20. Rxg7
Rhc8 21. Qe2 Qxc1+ 22. Rxc1 Rxc1+ 23. Qd1 Rxd1+ 24. Kxd1 Rxb2 25. Nc4 Rxa2 26.
Nxd6 Kxd6 27. Rxf7 Ke5 28. f3 h5 29. e4 h4 30. f4+ Kxe4 31. Rxf6 h3 32. Rxe6+
Kxf4 33. Rf6+ Kg5 34. Rf8 h2 35. Rh8 h1=Q+ 36. Rxh1 Ra1+ 37. Kc2 Rxh1 38. Kb2
Rh3 39. Kc2 Kf5 40. Kd2 Ke4 41. Ke2 Rh2+ 42. Ke1 Kf3 43. Kd1 Ke3 44. Kc1 Kd3
45. Kb1 Kc3 46. Ka1 Kb3 47. Kb1 Rh1# 0-1

[Event "17PCR_ZK10"]
[Site "?"]
[Date "2007.??.??"]
[Round "?"]
[White "Mateka, Petr"]
[Black "Tunega, Frantisek"]
[Result "1-0"]
[WhiteElo "2275"]
[BlackElo "1800"]
[PlyCount "47"]
[EventDate "2007.??.??"]
[EventType "corr"]
[SourceDate "2007.06.28"]

1. e4 c5 2. c3 Nf6 3. e5 Nd5 4. d4 cxd4 5. Nf3 Nc6 6. cxd4 d6 7. Bc4 e6 8. O-O
Nb6 9. Be2 dxe5 10. dxe5 Qc7 11. Qc2 Be7 12. Qe4 Nd7 13. Bf4 Nc5 14. Qc2 O-O
15. a3 a5 16. Nc3 b6 17. Rad1 Ba6 18. Bxa6 Rxa6 19. Nb5 Qb8 20. Bg5 f6 21. exf6
Bxf6 22. Bxf6 Rxf6 23. Rd6 Ne7 24. b4 1-0

[Event "17PCR_ZK10"]
[Site "?"]
[Date "2007.??.??"]
[Round "?"]
[White "Kudr, Roman"]
[Black "Rotter, Walter"]
[Result "1-0"]
[WhiteElo "2216"]
[BlackElo "1948"]
[PlyCount "43"]
[EventDate "2007.??.??"]
[EventType "corr"]
[SourceDate "2007.06.28"]

1. e4 e5 2. Nf3 Nf6 3. Nxe5 d6 4. Nf3 Nxe4 5. d4 d5 6. Bd3 Bd6 7. O-O Bg4 8. c4
O-O 9. cxd5 f5 10. Nc3 Nd7 11. h3 Bh5 12. Nxe4 fxe4 13. Bxe4 Nf6 14. Bf5 Kh8
15. Bg5 Bb4 16. Bxf6 Rxf6 17. Be4 Qe7 18. Qd3 Re8 19. Ne5 Bd6 20. f4 Ref8 21.
g3 g5 22. fxg5 1-0

[Event "17PCR_ZK10"]
[Site "?"]
[Date "2007.??.??"]
[Round "?"]
[White "Dirgas, Josef"]
[Black "Kudr, Roman"]
[Result "1-0"]
[WhiteElo "2000"]
[BlackElo "2216"]
[PlyCount "65"]
[EventDate "2007.??.??"]
[EventType "corr"]
[SourceDate "2007.06.28"]

1. e4 e5 2. Nf3 Nc6 3. Bb5 a6 4. Ba4 Nf6 5. O-O Nxe4 6. d4 b5 7. Bb3 d5 8. dxe5
Be6 9. Be3 Be7 10. c3 Qd7 11. Nbd2 Rd8 12. Re1 O-O 13. Bc2 f5 14. exf6 Nxf6 15.
Qb1 h6 16. Nh4 Bd6 17. f3 Rde8 18. Nb3 Qc8 19. Qc1 Ne7 20. Bxh6 gxh6 21. Qxh6
c5 22. Re2 Qd7 23. Rae1 Ne4 24. g3 Rf6 25. Qe3 Nf5 26. Nxf5 Bxf5 27. fxe4 Re5
28. Nxc5 Qe7 29. Nb3 Bxe4 30. Qd2 Qh7 31. Nd4 Qh3 32. Bxe4 dxe4 33. Rf2 1-0

[Event "17PCR_ZK10"]
[Site "?"]
[Date "2007.??.??"]
[Round "?"]
[White "Dirgas, Josef"]
[Black "Mateka, Petr"]
[Result "1-0"]
[WhiteElo "2000"]
[BlackElo "2275"]
[PlyCount "107"]
[EventDate "2007.??.??"]
[EventType "corr"]
[SourceDate "2007.06.28"]

1. e4 e5 2. Nf3 Nc6 3. Bb5 a6 4. Ba4 Nf6 5. O-O Be7 6. Re1 b5 7. Bb3 O-O 8. Nc3
d6 9. Nd5 Bg4 10. c3 Na5 11. Nxe7+ Qxe7 12. Bc2 c5 13. h3 Bh5 14. d3 Rab8 15.
Bd2 Rfc8 16. Qe2 Nd7 17. Qe3 b4 18. Reb1 Nf8 19. Nh2 Ne6 20. Nf1 Nf4 21. Ng3
Qg5 22. Ba4 Bg6 23. Kh2 Nc6 24. Bxc6 Rxc6 25. cxb4 cxb4 26. Rc1 Rxc1 27. Rxc1
Qd8 28. d4 Qd7 29. d5 f5 30. Nxf5 Bxf5 31. exf5 b3 32. axb3 Nxd5 33. Qd3 Qb5
34. Qf3 Nf6 35. Rc7 Qxb3 36. Be3 Kh8 37. Qc6 Ne8 38. Rc8 Rxc8 39. Qxc8 Qb5 40.
Bg5 e4 41. Kg1 h5 42. f6 gxf6 43. Bxf6+ Kh7 44. Bd4 Kg8 45. Qe6+ Kf8 46. Qxe4
Nc7 47. Be3 Ne8 48. Qe6 Qxb2 49. Bh6+ Ng7 50. Qxd6+ Kf7 51. Qd7+ Kf8 52. Qxg7+
Qxg7 53. Bxg7+ Kxg7 54. Kf1 1-0

[Event "17PCR_ZK10"]
[Site "?"]
[Date "2007.??.??"]
[Round "?"]
[White "Rotter, Walter"]
[Black "Kudr, Roman"]
[Result "0-1"]
[WhiteElo "1948"]
[BlackElo "2216"]
[PlyCount "50"]
[EventDate "2007.??.??"]
[EventType "corr"]
[SourceDate "2007.06.28"]

1. d4 Nf6 2. c4 g6 3. Nf3 Bg7 4. Nc3 d5 5. Qb3 dxc4 6. Qxc4 O-O 7. e3 b6 8. Be2
Ba6 9. Qa4 Bxe2 10. Nxe2 c5 11. O-O Qd7 12. Qc4 cxd4 13. Ne5 Qd5 14. Qxd4 Qb7
15. Qh4 Rd8 16. Nc3 Na6 17. e4 Nc5 18. f3 Nfxe4 19. Nxf7 Nxc3 20. Nxd8 Ne2+ 21.
Kf2 Qd5 22. Nc6 Nd3+ 23. Kxe2 Qxc6 24. Qe4 Qc2+ 25. Ke3 Rd8 0-1

[Event "17PCR_ZK10"]
[Site "?"]
[Date "2007.??.??"]
[Round "?"]
[White "Mateka, Petr"]
[Black "Rotter, Walter"]
[Result "1-0"]
[WhiteElo "2275"]
[BlackElo "1948"]
[PlyCount "57"]
[EventDate "2007.??.??"]
[EventType "corr"]
[SourceDate "2007.06.28"]

1. e4 e5 2. Nf3 Nf6 3. Nxe5 d6 4. Nf3 Nxe4 5. d4 d5 6. Bd3 Bd6 7. O-O Bg4 8. c4
c6 9. cxd5 cxd5 10. h3 Be6 11. Nc3 f5 12. Qb3 Qd7 13. Nb5 Nc6 14. Nxd6+ Qxd6
15. Qxb7 O-O 16. Bf4 Qxf4 17. Qxc6 Rfe8 18. Rae1 Rac8 19. Qa6 Bf7 20. Ne5 Nd2
21. Nxf7 Kxf7 22. Qb7+ Kf8 23. Re5 Rxe5 24. Qxc8+ Re8 25. Qc5+ Re7 26. Re1 Ne4
27. Bxe4 dxe4 28. g3 Qf3 29. d5 1-0

[Event "17PCR_ZK10"]
[Site "?"]
[Date "2007.??.??"]
[Round "?"]
[White "Dirgas, Josef"]
[Black "Rotter, Walter"]
[Result "1-0"]
[WhiteElo "2000"]
[BlackElo "1948"]
[PlyCount "61"]
[EventDate "2007.??.??"]
[EventType "corr"]
[SourceDate "2007.06.28"]

1. e4 e5 2. Nf3 Nf6 3. d4 Nxe4 4. Bd3 d5 5. Nxe5 Bd6 6. O-O Bxe5 7. dxe5 Nc5 8.
Be2 O-O 9. b4 Ne6 10. f4 f5 11. a4 Nc6 12. Ba3 Ne7 13. Nd2 Ng6 14. g3 c6 15.
Nb3 b6 16. Qd2 Qd7 17. a5 b5 18. Bb2 a6 19. Bd4 Nxd4 20. Nxd4 Qa7 21. Rf2 Bd7
22. Re1 Ne7 23. Bf3 c5 24. Nb3 cxb4 25. Bxd5+ Nxd5 26. Qxd5+ Kh8 27. e6 Rae8
28. Qc5 Qa8 29. Nd4 Qc8 30. Qd6 Qc3 31. exd7 1-0

[Event "17PCR_ZK10"]
[Site "?"]
[Date "2007.??.??"]
[Round "?"]
[White "Rotter, Walter"]
[Black "Dirgas, Josef"]
[Result "0-1"]
[WhiteElo "1948"]
[BlackElo "2000"]
[PlyCount "60"]
[EventDate "2007.??.??"]
[EventType "corr"]
[SourceDate "2007.06.28"]

1. d4 d5 2. c4 e6 3. Nf3 Nf6 4. Nc3 c6 5. e3 Nbd7 6. Qc2 Bd6 7. Bd3 O-O 8. e4
dxc4 9. Bxc4 e5 10. Bg5 exd4 11. Nxd4 h6 12. Bd2 Be5 13. Nf3 Bxc3 14. bxc3 Nxe4
15. Be3 Re8 16. O-O Ndf6 17. Bd3 Bg4 18. Nd4 c5 19. Nb3 c4 20. Bxc4 Rc8 21. Qd3
Qc7 22. Bb5 Red8 23. Bd4 Be6 24. f3 Nd6 25. Nc5 Bf5 26. Ne4 Bxe4 27. fxe4 Ndxe4
28. Rac1 a6 29. Ba4 Rxd4 30. Qxd4 Rd8 0-1

[Event "17PCR_ZK10"]
[Site "?"]
[Date "2007.??.??"]
[Round "?"]
[White "Bednarik, Radovan"]
[Black "Rotter, Walter"]
[Result "1-0"]
[WhiteElo "2126"]
[BlackElo "1948"]
[PlyCount "40"]
[EventDate "2007.??.??"]
[EventType "corr"]
[SourceDate "2007.06.28"]

1. d4 Nf6 2. c4 e6 3. Nf3 d5 4. Nc3 c6 5. e3 Nbd7 6. Bd3 dxc4 7. Bxc4 b5 8. Be2
Bb7 9. O-O Be7 10. a3 O-O 11. e4 a6 12. e5 Nd5 13. Nxd5 cxd5 14. Bd3 Rc8 15.
Qe2 Nb6 16. Nd2 Qd7 17. Qg4 f5 18. exf6 Bxf6 19. Nf3 g6 20. Qh3 Rfe8 1-0

[Event "17PCR_ZK10"]
[Site "?"]
[Date "2007.??.??"]
[Round "?"]
[White "Kudr, Roman"]
[Black "Tunega, Frantisek"]
[Result "1/2-1/2"]
[WhiteElo "2216"]
[BlackElo "1800"]
[PlyCount "62"]
[EventDate "2007.??.??"]
[EventType "corr"]
[SourceDate "2007.06.28"]

1. e4 c5 2. Nf3 Nc6 3. d4 cxd4 4. Nxd4 Nf6 5. Nc3 e5 6. Ndb5 d6 7. Nd5 Nxd5 8.
exd5 Ne7 9. c4 Ng6 10. Qa4 Bd7 11. Qb4 Qb8 12. Be3 a6 13. Nc3 Be7 14. Be2 Nf4
15. Bxf4 exf4 16. O-O Qc7 17. Na4 Rd8 18. Bd3 O-O 19. Nc3 Rfe8 20. Rfe1 f3 21.
gxf3 Bg5 22. Kh1 f5 23. Rxe8+ Rxe8 24. Rg1 Bf6 25. Qb3 g6 26. Kg2 b6 27. a3 Qc5
28. Rd1 Be5 29. Ne2 a5 30. f4 Bf6 31. Nc3 Bh4 1/2-1/2

[Event "17PCR_ZK10"]
[Site "?"]
[Date "2007.??.??"]
[Round "?"]
[White "Mateka, Petr"]
[Black "Bednarik, Radovan"]
[Result "1-0"]
[WhiteElo "2275"]
[BlackElo "2126"]
[PlyCount "65"]
[EventDate "2007.??.??"]
[EventType "corr"]
[SourceDate "2007.06.28"]

1. e4 c5 2. c3 d5 3. exd5 Qxd5 4. d4 e6 5. Nf3 Nf6 6. Na3 cxd4 7. Nb5 Na6 8.
Qxd4 Bc5 9. Qh4 O-O 10. Bc4 Qe4+ 11. Qxe4 Nxe4 12. O-O Bd7 13. a4 Bc8 14. Bf4
Nf6 15. Rfd1 Be7 16. Be3 b6 17. Ne5 Bb7 18. Nd7 Rfd8 19. Nxf6+ gxf6 20. b4 Bc6
21. a5 Bxb5 22. Bxb5 Nc7 23. Bc6 Rab8 24. Rxd8+ Rxd8 25. Kf1 bxa5 26. b5 Rd3
27. Rxa5 Rxc3 28. Rxa7 Bd6 29. Bh6 Ra3 30. b6 Rxa7 31. bxa7 Bc5 32. Be3 Bxe3
33. fxe3 1-0

[Event "17PCR_ZK10"]
[Site "?"]
[Date "2007.??.??"]
[Round "?"]
[White "Dirgas, Josef"]
[Black "Tunega, Frantisek"]
[Result "1-0"]
[WhiteElo "2000"]
[BlackElo "1800"]
[PlyCount "79"]
[EventDate "2007.??.??"]
[EventType "corr"]
[SourceDate "2007.06.28"]

1. e4 c5 2. Nf3 Nc6 3. Nc3 e5 4. Bc4 Be7 5. O-O d6 6. d3 Nf6 7. h3 O-O 8. Nd5
Nxd5 9. Bxd5 Be6 10. c3 Qd7 11. Be3 Bf6 12. Qb3 Bxd5 13. Qxd5 Qe6 14. Qc4 b6
15. a3 Ne7 16. Qxe6 fxe6 17. Rfd1 Ng6 18. g3 d5 19. Kg2 d4 20. Bd2 Rf7 21. c4
Raf8 22. Rf1 a6 23. b4 Be7 24. Nh2 b5 25. cxb5 axb5 26. bxc5 Bxc5 27. Bb4 Be7
28. h4 h5 29. Rac1 Bxb4 30. axb4 Ra7 31. Rc6 Ra3 32. Rd1 Rb3 33. Rxe6 Rf6 34.
Re8+ Rf8 35. Rxf8+ Nxf8 36. Nf3 Nd7 37. Ra1 Kf7 38. Ra7 Ke6 39. Ra6+ Kf7 40.
Rd6 1-0

[Event "17PCR_ZK10"]
[Site "?"]
[Date "2007.??.??"]
[Round "?"]
[White "Tunega, Frantisek"]
[Black "Dirgas, Josef"]
[Result "0-1"]
[WhiteElo "1800"]
[BlackElo "2000"]
[PlyCount "80"]
[EventDate "2007.??.??"]
[EventType "corr"]
[SourceDate "2007.06.28"]

1. e4 e5 2. Nf3 Nc6 3. c3 d5 4. Qa4 f6 5. Bb5 Nge7 6. exd5 Qxd5 7. d4 e4 8. c4
Qd7 9. Nfd2 Qxd4 10. O-O Be6 11. Nc3 a6 12. Ndxe4 Rd8 13. Bxc6+ Nxc6 14. Re1
Kf7 15. Bf4 Qxc4 16. Qxc4 Bxc4 17. Bxc7 Rd7 18. Bb6 Nb4 19. b3 Be6 20. Rad1
Rxd1 21. Rxd1 Be7 22. Be3 Rc8 23. Bf4 Rc6 24. h4 h6 25. Bg3 Bf5 26. Rd2 b5 27.
Bf4 Bh7 28. g4 g5 29. hxg5 hxg5 30. Bb8 Nxa2 31. Rxa2 b4 32. Nd5 Bxe4 33. Nxe7
Kxe7 34. Re2 Re6 35. Bc7 Bd5 36. Rxe6+ Kxe6 37. Ba5 Bxb3 38. Bxb4 Bd1 39. Kg2
Bxg4 40. f3 Bh5 0-1

[Event "17PCR_ZK10"]
[Site "?"]
[Date "2007.??.??"]
[Round "?"]
[White "Dojcinovic, Miroslav"]
[Black "Kudr, Roman"]
[Result "0-1"]
[WhiteElo "1605"]
[BlackElo "2216"]
[PlyCount "96"]
[EventDate "2007.??.??"]
[EventType "corr"]
[SourceDate "2007.06.28"]

1. e4 e5 2. Bc4 Nf6 3. Nc3 Bc5 4. d3 d6 5. Bg5 c6 6. Nf3 O-O 7. O-O Bg4 8. h3
Be6 9. Na4 Nbd7 10. Bxe6 fxe6 11. Nxc5 Nxc5 12. c3 Qe8 13. Re1 Qg6 14. Be3 b6
15. Ng5 Nfd7 16. b4 Nb7 17. Qg4 Rae8 18. Nf3 Qxg4 19. hxg4 c5 20. b5 Nf6 21. g5
Ng4 22. d4 exd4 23. cxd4 d5 24. e5 Na5 25. Rac1 Nc4 26. dxc5 Ngxe3 27. fxe3
bxc5 28. e4 Nb2 29. Rc3 c4 30. Re2 Nd3 31. Nd4 Nc5 32. g3 Nxe4 33. Ra3 Rf7 34.
Kg2 Nxg5 35. Ra6 Ne4 36. Rc6 Nc3 37. Rc2 Nd1 38. a4 Ne3+ 39. Kh3 Nxc2 40. Nxc2
Rf5 41. Ra6 Rh5+ 42. Kg4 Rxe5 43. Rxa7 Re2 44. Na3 Rb8 45. Nxc4 Re4+ 46. Kf3
Rxc4 47. g4 Rf8+ 48. Kg2 Rxg4+ 0-1

[Event "17PCR_ZK10"]
[Site "?"]
[Date "2007.??.??"]
[Round "?"]
[White "Kudr, Roman"]
[Black "Dirgas, Josef"]
[Result "1/2-1/2"]
[WhiteElo "2216"]
[BlackElo "2000"]
[PlyCount "101"]
[EventDate "2007.??.??"]
[EventType "corr"]
[SourceDate "2007.06.28"]

1. e4 e5 2. Nf3 Nc6 3. Bb5 a6 4. Ba4 Nf6 5. O-O Be7 6. Re1 b5 7. Bb3 d6 8. c3
O-O 9. h3 Na5 10. Bc2 c5 11. d4 Qc7 12. Nbd2 Re8 13. Nf1 exd4 14. cxd4 g6 15.
Bg5 Bb7 16. d5 Nc4 17. b3 Na3 18. Bd3 Nh5 19. Bc1 b4 20. Bxa3 bxa3 21. Qd2 Bf6
22. Rad1 Bg7 23. Ne3 Bh6 24. Qc2 Re7 25. Nc4 f6 26. Nxa3 Rae8 27. Nc4 Nf4 28.
Bf1 Bc8 29. a3 Bg7 30. Kh2 Bh6 31. g3 Nh5 32. b4 Bf8 33. Re3 Bb7 34. Nxd6 Qxd6
35. bxc5 Rc7 36. Qb3 Rxc5 37. Qxb7 Rc2 38. Rd2 Rc1 39. Qxa6 Qxa6 40. Bxa6 Bh6
41. Red3 Bxd2 42. Nxd2 Ng7 43. d6 Rd8 44. f4 Kf8 45. e5 Rb8 46. d7 Ne6 47. Bc4
Nd8 48. Bb3 fxe5 49. fxe5 Rb5 50. Re3 Ke7 51. e6 1/2-1/2

[Event "17PCR_ZK10"]
[Site "?"]
[Date "2007.??.??"]
[Round "?"]
[White "Rotter, Walter"]
[Black "Mateka, Petr"]
[Result "0-1"]
[WhiteElo "1948"]
[BlackElo "2275"]
[PlyCount "82"]
[EventDate "2007.??.??"]
[EventType "corr"]
[SourceDate "2007.06.28"]

1. d4 d5 2. c4 dxc4 3. e4 e5 4. Nf3 Bb4+ 5. Bd2 Bxd2+ 6. Qxd2 exd4 7. Qxd4 Qxd4
8. Nxd4 Ne7 9. Bxc4 O-O 10. Nc3 c5 11. Ndb5 a6 12. Nc7 Ra7 13. N7d5 b5 14. Bb3
Nbc6 15. O-O-O Nd4 16. Nxe7+ Rxe7 17. Bd5 Be6 18. a3 a5 19. a4 bxa4 20. Nxa4
Rb8 21. Kb1 Bxd5 22. exd5 Reb7 23. Rd2 Nb3 24. Rc2 Rb4 25. Nc3 Re8 26. Rd1 Nd4
27. Rcd2 a4 28. d6 Rd8 29. Nd5 Rb7 30. Nc3 a3 31. Ne4 Nb3 32. Rd5 f5 33. Nxc5
Nxc5 34. Rxc5 Rxb2+ 35. Ka1 Rxf2 36. g3 Kf7 37. Rc7+ Kf6 38. Ra7 Rxh2 39. Rxa3
Rd7 40. Rc3 Re2 41. Kb1 Ke6 0-1

[Event "17PCR_ZK10"]
[Site "?"]
[Date "2007.??.??"]
[Round "?"]
[White "Dojcinovic, Miroslav"]
[Black "Bednarik, Radovan"]
[Result "1-0"]
[WhiteElo "1605"]
[BlackElo "2126"]
[PlyCount "81"]
[EventDate "2007.??.??"]
[EventType "corr"]
[SourceDate "2007.06.28"]

1. e4 c5 2. Nf3 e6 3. d4 cxd4 4. Nxd4 a6 5. Nc3 Qc7 6. Be2 Nf6 7. O-O Nxe4 8.
Nxe4 d5 9. Ng3 Bd6 10. Bd3 h5 11. h4 Nd7 12. Qe2 Nc5 13. Ndf5 Bf8 14. b3 Nxd3
15. cxd3 g6 16. Bb2 Rh7 17. Nd4 Qf4 18. Nf3 f6 19. a4 e5 20. a5 Bd7 21. Rfe1
Be7 22. Bc1 Qg4 23. Qa2 Bc6 24. Ba3 O-O-O 25. Rac1 Bxa3 26. Qxa3 Kb8 27. Qc5 g5
28. Nf1 gxh4 29. Ne3 Qg6 30. d4 h3 31. dxe5 Rc7 32. e6 f5 33. e7 Re8 34. Ne5
Qe6 35. Nxc6+ Rxc6 36. Qxd5 Rxe7 37. Qd8+ Qc8 38. Qxc8+ Rxc8 39. Rxc8+ Kxc8 40.
gxh3 Re5 41. b4 1-0

[Event "17PCR_ZK10"]
[Site "?"]
[Date "2007.??.??"]
[Round "?"]
[White "Mateka, Petr"]
[Black "Dirgas, Josef"]
[Result "1/2-1/2"]
[WhiteElo "2275"]
[BlackElo "2000"]
[PlyCount "133"]
[EventDate "2007.??.??"]
[EventType "corr"]
[SourceDate "2007.06.28"]

1. e4 e5 2. Nf3 Nc6 3. Bb5 a6 4. Ba4 Nf6 5. O-O Be7 6. Re1 b5 7. Bb3 d6 8. c3
O-O 9. h3 Na5 10. Bc2 c5 11. d4 Qc7 12. Nbd2 cxd4 13. cxd4 Nc6 14. Nb3 a5 15.
Be3 a4 16. Nbd2 Bd7 17. Rc1 Rac8 18. Bb1 Qb7 19. Qe2 Rc7 20. d5 Na5 21. Rxc7
Qxc7 22. Bd3 Rb8 23. Rb1 Bd8 24. Nf1 Nc4 25. Bc1 g6 26. b3 axb3 27. axb3 Na5
28. Bd2 Nh5 29. Qd1 b4 30. Ne3 Nf4 31. Bf1 Nh5 32. Ne1 Bg5 33. Nd3 Nf6 34. Nxb4
Bxe3 35. fxe3 Qb6 36. Bd3 Bb5 37. Bc2 Nb7 38. Qf3 Kg7 39. Be1 h6 40. Na2 Rc8
41. Rc1 Nc5 42. Rd1 Nh7 43. Nc3 Ba6 44. Kh2 Rc7 45. Rb1 Nd3 46. Bd2 Nb4 47. Qd1
Qb7 48. Rc1 Qc8 49. Bb1 Nd3 50. Bxd3 Bxd3 51. b4 Nf6 52. b5 Rb7 53. Qa4 Qb8 54.
Be1 Bxb5 55. Nxb5 Rxb5 56. Ba5 Nxe4 57. Bc7 Rb4 58. Qc6 Qb5 59. Bxd6 Qxc6 60.
Rxc6 Nxd6 61. Rxd6 Re4 62. g4 Rxe3 63. h4 Rd3 64. Rd7 Kf6 65. d6 Rd4 66. Kh3 g5
67. h5 1/2-1/2

[Event "17PCR_ZK10"]
[Site "?"]
[Date "2007.??.??"]
[Round "?"]
[White "Tunega, Frantisek"]
[Black "Mateka, Petr"]
[Result "1/2-1/2"]
[WhiteElo "1800"]
[BlackElo "2275"]
[PlyCount "71"]
[EventDate "2007.??.??"]
[EventType "corr"]
[SourceDate "2007.06.28"]

1. e4 e5 2. Nf3 Nc6 3. c3 Nf6 4. Qa4 d6 5. Bb5 Bd7 6. d3 Be7 7. Nbd2 O-O 8. O-O
a6 9. Bxc6 Bxc6 10. Qc2 Bd7 11. Nc4 c6 12. Ne3 Re8 13. Bd2 Bf8 14. Rae1 d5 15.
c4 Rc8 16. c5 b6 17. cxb6 Qxb6 18. Rc1 Qb7 19. Rfe1 c5 20. Nxd5 Nxd5 21. exd5
Qxd5 22. Qc4 Qd6 23. Bc3 Bb5 24. Qb3 c4 25. dxc4 Bxc4 26. Qa4 e4 27. Red1 Bd3
28. Ne1 Qe6 29. Nxd3 exd3 30. g3 Rc4 31. Qb3 Qd5 32. Rd2 a5 33. a3 Re2 34. Rxe2
dxe2 35. Qc2 Re4 36. Re1 1/2-1/2

[Event "17PCR_ZK10"]
[Site "?"]
[Date "2007.??.??"]
[Round "?"]
[White "Kudr, Roman"]
[Black "Dojcinovic, Miroslav"]
[Result "1-0"]
[WhiteElo "2216"]
[BlackElo "1605"]
[PlyCount "117"]
[EventDate "2007.??.??"]
[EventType "corr"]
[SourceDate "2007.06.28"]

1. e4 e5 2. Nf3 Nc6 3. Bc4 Bc5 4. c3 Nf6 5. d3 a6 6. Bb3 Ba7 7. O-O d6 8. Bg5
O-O 9. Nbd2 Na5 10. Bc2 Bg4 11. h3 Bh5 12. Qe2 Qe7 13. Rfe1 Rad8 14. Nf1 h6 15.
Be3 Bxe3 16. Qxe3 Bg6 17. Ng3 Nh5 18. Ne2 Nc6 19. Rad1 Nf6 20. Ba4 Rfe8 21. Nh4
Bh7 22. Ng3 Ng4 23. hxg4 Qxh4 24. Bxc6 bxc6 25. Qa7 Qxg4 26. Qxc7 Qd7 27. Qxd7
Rxd7 28. d4 Kf8 29. f3 d5 30. Kf2 exd4 31. Rxd4 Rb7 32. b4 Rbe7 33. Re2 dxe4
34. Nxe4 Re5 35. Rc4 R8e6 36. Rc5 Bxe4 37. Rxe5 Rxe5 38. fxe4 Ke7 39. Ke3 f5
40. Kd4 Kf6 41. Re3 h5 42. a4 fxe4 43. Rxe4 Rg5 44. Re2 Rd5+ 45. Ke4 Re5+ 46.
Kd3 Rg5 47. c4 h4 48. a5 Rg4 49. Kc3 Rg6 50. Kd4 Rg5 51. b5 cxb5 52. c5 Rg4+
53. Kd5 Rc4 54. c6 Kg5 55. Rd2 Kf5 56. Kd6 b4 57. Kd7 g5 58. c7 Kf4 59. c8=Q
1-0

[Event "17PCR_ZK10"]
[Site "?"]
[Date "2007.??.??"]
[Round "?"]
[White "Kudr, Roman"]
[Black "Mateka, Petr"]
[Result "1/2-1/2"]
[WhiteElo "2216"]
[BlackElo "2275"]
[PlyCount "112"]
[EventDate "2007.??.??"]
[EventType "corr"]
[SourceDate "2007.06.28"]

1. e4 e5 2. Nf3 Nc6 3. Bb5 a6 4. Ba4 Nf6 5. d4 exd4 6. O-O Be7 7. Re1 b5 8. Bb3
d6 9. Bd5 Nxd5 10. exd5 Ne5 11. Nxd4 O-O 12. a4 Bg4 13. Qd2 Bd7 14. Nc3 b4 15.
Ne4 Qb8 16. Qe3 Qa7 17. Ne2 Qxe3 18. Bxe3 Rfe8 19. b3 Bf5 20. N2g3 Bg6 21. f4
f5 22. fxe5 fxe4 23. e6 c6 24. Rad1 Rac8 25. Ne2 Bf6 26. Nf4 Bf5 27. h3 cxd5
28. Nxd5 Bxe6 29. Nxf6+ gxf6 30. Rxd6 Rxc2 31. Rxa6 Bxb3 32. a5 Bc4 33. Rxf6 b3
34. Rb6 Re5 35. Rd1 Rd5 36. Rxd5 Bxd5 37. a6 Re2 38. Bd4 e3 39. Rb8+ Kf7 40.
Kf1 Rc2 41. Ke1 Bc4 42. Rb7+ Kg6 43. Bxe3 Re2+ 44. Kd1 Rxe3 45. a7 Re8 46. Rb8
b2 47. Rxb2 Ra8 48. Rb6+ Kg5 49. Rb7 Bd3 50. Kd2 Be4 51. Rc7 Kf4 52. g4 Kg5 53.
Ke3 Bg6 54. Rc5+ Kh4 55. Ra5 Kxh3 56. Kf4 Be8 1/2-1/2

[Event "17PCR_ZK10"]
[Site "?"]
[Date "2007.??.??"]
[Round "?"]
[White "Mateka, Petr"]
[Black "Kudr, Roman"]
[Result "1-0"]
[WhiteElo "2275"]
[BlackElo "2216"]
[PlyCount "109"]
[EventDate "2007.??.??"]
[EventType "corr"]
[SourceDate "2007.06.28"]

1. e4 e5 2. Nf3 Nc6 3. Bb5 a6 4. Ba4 Nf6 5. O-O Nxe4 6. d4 b5 7. Bb3 d5 8. dxe5
Be6 9. Nbd2 Nc5 10. c3 Nxb3 11. Nxb3 Be7 12. Nfd4 Qd7 13. Nxe6 Qxe6 14. f4 O-O
15. Be3 f6 16. Nc5 Bxc5 17. Bxc5 Rf7 18. exf6 Rxf6 19. Qd2 Rd8 20. Rae1 Qf5 21.
Qd1 Rg6 22. Rf3 h6 23. h3 h5 24. Rd3 Rf6 25. Bf2 Qxf4 26. Bg3 Qg5 27. Bxc7 Rd7
28. Rg3 Qh6 29. Bb6 Rf5 30. a4 Rdf7 31. Rge3 Qf4 32. Re6 Qc4 33. Re8+ Kh7 34.
Rc8 bxa4 35. Bd4 Qb5 36. g4 Nxd4 37. gxf5 Nxf5 38. Qxh5+ Nh6 39. Qe2 Qb6+ 40.
Kh1 Rf2 41. Qe5 a3 42. bxa3 Nf5 43. Qb8 Qxb8 44. Rxb8 Ra2 45. Rg1 Rxa3 46. Rf8
Nd6 47. Rd8 Ne4 48. Rd7 Rxc3 49. Rdxg7+ Kh6 50. R1g6+ Kh5 51. Kh2 Rc2+ 52. Rg2
Rxg2+ 53. Rxg2 d4 54. Ra2 Nc3 55. Rxa6 1-0